000 00646nam a2200181Ia 4500
008 090124s9999 xx 000 0 und d
082 _b25654
_a1649
100 _aनरके हरि / फडके य. दि.
245 _a आरोग्याची गुरुकिल्ली
250 _a5
260 _c1988
300 _a52
600 _aनरके हरि / फडके य. दि.
630 _a आरोग्याची गुरुकिल्ली
700 _aनरके हरि / फडके य. दि.
730 _a आरोग्याची गुरुकिल्ली
942 _cBOOK
999 _c139160
_d139160